[Event "37. Ciudad de Sevilla 2012"]
[Site "Sevilla ESP"]
[Date "2012.01.07"]
[Round "1.1"]
[White "Svetushkin, Dimitry"]
[Black "Galera Nuñez, Tomas"]
[Result "1-0"]
[WhiteElo "2598"]
[BlackElo "1898"]
[PlyCount "71"]
[EventDate "2012.01.07"]
[EventType "swiss"]
[EventRounds "9"]
[EventCountry "ESP"]
[Source "lmi"]
[SourceDate "2012.01.07"]

1. d4 d5 2. c4 c6 3. Nf3 e6 4. e3 f5 5. Bd3 Nf6 6. O-O Bd6 7. b3 Qe7 8. Bb2 O-O
9. Qc1 b6 10. Ba3 Bb7 11. Bxd6 Qxd6 12. Nc3 Ne4 13. Qb2 Nd7 14. Rad1 Qe7 15.
Ne2 g5 16. Ne5 Nxe5 17. dxe5 Nc5 18. Bb1 dxc4 19. bxc4 Rad8 20. Rd4 Qc7 21. Qd2
Ba6 22. h4 Bxc4 23. hxg5 Bxe2 24. Qxe2 Qxe5 25. Rfd1 Rxd4 26. Rxd4 Qc7 27. Qh5
Qg7 28. g4 fxg4 29. Qxg4 e5 30. Rd6 e4 31. g6 h6 32. Qh4 Nd3 33. Qxe4 Nc5 34.
Qc4+ Kh8 35. Qd4 Kg8 36. Rxc6 1-0

[Event "37. Ciudad de Sevilla 2012"]
[Site "Sevilla ESP"]
[Date "2012.01.07"]
[Round "1.2"]
[White "Giraud, Thierry"]
[Black "Burmakin, Vladimir"]
[Result "0-1"]
[WhiteElo "1896"]
[BlackElo "2593"]
[PlyCount "70"]
[EventDate "2012.01.07"]
[EventType "swiss"]
[EventRounds "9"]
[EventCountry "ESP"]
[Source "lmi"]
[SourceDate "2012.01.07"]

1. d4 d5 2. c4 e6 3. e3 Nf6 4. Nf3 Be7 5. Nc3 O-O 6. Qc2 b6 7. cxd5 exd5 8. Bd3
Bb7 9. O-O c5 10. b3 Nc6 11. a3 Re8 12. Bb2 Na5 13. Bb5 Rf8 14. dxc5 bxc5 15.
Rfd1 Qb6 16. b4 cxb4 17. axb4 Nc6 18. Bxc6 Bxc6 19. b5 Bxb5 20. Nxd5 Nxd5 21.
Rxd5 Rfc8 22. Qf5 Bc4 23. Bd4 Qc6 24. Rda5 Be6 25. Qd3 Qd7 26. h3 Bf6 27. Qe4
Bxd4 28. Nxd4 Bc4 29. Rh5 g6 30. Rha5 a6 31. g4 Rab8 32. Re5 Qd6 33. Raa5 Qb6
34. g5 Qb2 35. Nc6 Qb1+ 0-1

[Event "37. Ciudad de Sevilla 2012"]
[Site "Sevilla ESP"]
[Date "2012.01.07"]
[Round "1.3"]
[White "Sengupta, Deep"]
[Black "Suarez Pozo, Juan Carlos"]
[Result "1-0"]
[WhiteElo "2562"]
[BlackElo "1895"]
[PlyCount "60"]
[EventDate "2012.01.07"]
[EventType "swiss"]
[EventRounds "9"]
[EventCountry "ESP"]
[Source "lmi"]
[SourceDate "2012.01.07"]

1. e4 e6 2. d4 d5 3. Nd2 Nf6 4. e5 Nfd7 5. c3 c5 6. f4 Nc6 7. Ndf3 cxd4 8. cxd4
Bb4+ 9. Kf2 f6 10. g3 fxe5 11. fxe5 O-O 12. Kg2 Qe8 13. Bd3 Be7 14. Be3 Nb4 15.
Bb1 Nb6 16. b3 Bd7 17. a3 Nc6 18. Nh3 Qh5 19. Nf4 Qf7 20. h4 g6 21. Nh3 Qg7 22.
h5 gxh5 23. Nhg5 h6 24. Nh7 h4 25. Nxh4 Rf7 26. Ng6 Bg5 27. Nxg5 hxg5 28. Rh8+
Qxh8 29. Nxh8 Kxh8 30. Qh5+ Kg8 1-0

[Event "37. Ciudad de Sevilla 2012"]
[Site "Sevilla ESP"]
[Date "2012.01.07"]
[Round "1.4"]
[White "Torres Perez, Frc. Javier"]
[Black "Matamoros Franco, Carlos S"]
[Result "0-1"]
[WhiteElo "1890"]
[BlackElo "2552"]
[PlyCount "56"]
[EventDate "2012.01.07"]
[EventType "swiss"]
[EventRounds "9"]
[EventCountry "ESP"]
[Source "lmi"]
[SourceDate "2012.01.07"]

1. e4 e6 2. d4 d5 3. e5 c5 4. c3 Nc6 5. Nf3 Bd7 6. a3 c4 7. Be2 f6 8. Qc2 Nh6
9. Bxh6 gxh6 10. Nh4 fxe5 11. Bh5+ Ke7 12. f4 exd4 13. f5 Kd6 14. Qf2 Qg5 15.
fxe6 Bxe6 16. Be2 Qc1+ 17. Bd1 Qe3+ 18. Be2 Qxf2+ 19. Kxf2 Bg7 20. Rd1 Kc7 21.
Kg1 d3 22. Bh5 d4 23. Nf3 Rad8 24. cxd4 Rd5 25. Ne5 Nxd4 26. Nxd3 cxd3 27. Nd2
Rhd8 28. Rac1+ Kb8 0-1

[Event "37. Ciudad de Sevilla 2012"]
[Site "Sevilla ESP"]
[Date "2012.01.07"]
[Round "1.5"]
[White "Teske, Henrik"]
[Black "Sevillano Leal, Julio"]
[Result "1-0"]
[WhiteElo "2550"]
[BlackElo "1890"]
[PlyCount "58"]
[EventDate "2012.01.07"]
[EventType "swiss"]
[EventRounds "9"]
[EventCountry "ESP"]
[Source "lmi"]
[SourceDate "2012.01.07"]

1. e4 c5 2. Nf3 e6 3. c4 Nc6 4. Nc3 Nf6 5. Be2 d6 6. d4 cxd4 7. Nxd4 Bd7 8.
Ndb5 Qb8 9. Bf4 Ne5 10. O-O a6 11. Nd4 Nc6 12. Bg3 Be7 13. Rc1 O-O 14. Nc2 Rd8
15. a4 Qc7 16. b4 Be8 17. Kh1 Qb6 18. a5 Qa7 19. f3 Rac8 20. Bf2 Qb8 21. Bb6
Rd7 22. f4 Bd8 23. Bxd8 Rcxd8 24. Bf3 Rc7 25. Qe2 Re7 26. Rfd1 Red7 27. Na4 Re7
28. Nb6 Nd7 29. Qe3 Na7 1-0

[Event "37. Ciudad de Sevilla 2012"]
[Site "Sevilla ESP"]
[Date "2012.01.07"]
[Round "1.6"]
[White "Martin Rodriguez, Jose Maria"]
[Black "Cornette, Matthieu"]
[Result "0-1"]
[WhiteElo "1886"]
[BlackElo "2545"]
[PlyCount "45"]
[EventDate "2012.01.07"]
[EventType "swiss"]
[EventRounds "9"]
[EventCountry "ESP"]
[Source "lmi"]
[SourceDate "2012.01.07"]

1. d4 Nf6 2. Nf3 e6 3. Bf4 c5 4. e3 b6 5. Be2 Bb7 6. Nbd2 Be7 7. c3 O-O 8. O-O
cxd4 9. exd4 Nd5 10. Bg3 f5 11. Bxb8 Rxb8 12. Re1 g5 13. Ne5 g4 14. c4 Nf4 15.
Bf1 Bf6 16. g3 Ng6 17. Bg2 Bxg2 18. Kxg2 Qc7 19. Qe2 Rbd8 20. Rad1 Rde8 21. f4
Qb7+ 22. Kg1 d6 23. Nxg6 0-1

[Event "37. Ciudad de Sevilla 2012"]
[Site "Sevilla ESP"]
[Date "2012.01.07"]
[Round "1.7"]
[White "Rizouk, Aimen"]
[Black "Gonzalez del Campo, Diego"]
[Result "1-0"]
[WhiteElo "2539"]
[BlackElo "1880"]
[PlyCount "49"]
[EventDate "2012.01.07"]
[EventType "swiss"]
[EventRounds "9"]
[EventCountry "ESP"]
[Source "lmi"]
[SourceDate "2012.01.07"]

1. e4 c6 2. c4 d5 3. exd5 cxd5 4. cxd5 Nf6 5. Nc3 Nxd5 6. Nf3 Nc6 7. Bc4 Nb6 8.
Bb3 Nd4 9. Nxd4 Qxd4 10. O-O Bf5 11. Qf3 Qd7 12. a4 a5 13. Re1 g6 14. Qe3 Qe6
15. Nb5 Rd8 16. d4 Nd5 17. Bxd5 Rxd5 18. Bd2 Qb6 19. Rac1 Rd7 20. Rc8+ Rd8 21.
Nc7+ Kd7 22. Nd5 Qd6 23. Rc7+ Ke8 24. Rxe7+ Bxe7 25. Qxe7+ 1-0

[Event "37. Ciudad de Sevilla 2012"]
[Site "Sevilla ESP"]
[Date "2012.01.07"]
[Round "1.8"]
[White "Perez Reisler, Jose"]
[Black "Haslinger, Stewart G"]
[Result "0-1"]
[WhiteElo "1879"]
[BlackElo "2534"]
[PlyCount "66"]
[EventDate "2012.01.07"]
[EventType "swiss"]
[EventRounds "9"]
[EventCountry "ESP"]
[Source "lmi"]
[SourceDate "2012.01.07"]

1. c4 e6 2. g3 d5 3. Bg2 Nf6 4. Nf3 dxc4 5. Qa4+ Nbd7 6. Ne5 Be7 7. O-O O-O 8.
Nxd7 Bxd7 9. Qxc4 b5 10. Qc2 Rc8 11. d3 c5 12. Nc3 c4 13. dxc4 Rxc4 14. b3 Rc8
15. Qd3 b4 16. Ne4 Bc6 17. Be3 Qa5 18. Rac1 Bxe4 19. Bxe4 Rcd8 20. Qb1 Nxe4 21.
Qxe4 Qxa2 22. Qb7 Bd6 23. Ra1 Qxb3 24. Rxa7 Qd5 25. Qxd5 exd5 26. Rd1 b3 27.
Rb7 Rb8 28. Rxb8 Rxb8 29. Rb1 Be5 30. Bc5 b2 31. Ba3 Rb3 32. Bc5 Rc3 33. Be3
Ra3 0-1

[Event "37. Ciudad de Sevilla 2012"]
[Site "Sevilla ESP"]
[Date "2012.01.07"]
[Round "1.9"]
[White "Saric, Ante"]
[Black "Juidiaz Hernandez, Antonio L"]
[Result "1-0"]
[WhiteElo "2528"]
[BlackElo "1878"]
[PlyCount "53"]
[EventDate "2012.01.07"]
[EventType "swiss"]
[EventRounds "9"]
[EventCountry "ESP"]
[Source "lmi"]
[SourceDate "2012.01.07"]

1. Nf3 d5 2. d4 Nf6 3. c4 e6 4. g3 c6 5. Nbd2 Bd6 6. Bg2 O-O 7. Qc2 Nbd7 8. O-O
Re8 9. b3 b6 10. e4 dxe4 11. Ng5 Bb7 12. Ndxe4 Be7 13. Rd1 Nxe4 14. Nxe4 Nf6
15. Bf4 Nxe4 16. Bxe4 g6 17. c5 b5 18. a4 a6 19. Qc3 Bf6 20. Be5 Bxe5 21. dxe5
Qe7 22. Rd6 Rac8 23. h4 h5 24. Rad1 Rc7 25. R1d3 g5 26. Qd2 f6 27. Rd7 1-0

[Event "37. Ciudad de Sevilla 2012"]
[Site "Sevilla ESP"]
[Date "2012.01.07"]
[Round "1.10"]
[White "Campos Perez, Julian"]
[Black "Malakhatko, Vadim"]
[Result "0-1"]
[WhiteElo "1878"]
[BlackElo "2524"]
[PlyCount "57"]
[EventDate "2012.01.07"]
[EventType "swiss"]
[EventRounds "9"]
[EventCountry "ESP"]
[Source "lmi"]
[SourceDate "2012.01.07"]

1. c4 e6 2. Nc3 c5 3. e3 Nf6 4. Nf3 Nc6 5. d4 cxd4 6. exd4 d5 7. Be3 Bb4 8. a3
Bxc3+ 9. bxc3 O-O 10. Be2 dxc4 11. Bxc4 Nd5 12. Bxd5 Qxd5 13. Qc2 Na5 14. O-O
b6 15. Ng5 f5 16. Bf4 Bb7 17. Nf3 Rf6 18. Rab1 Rg6 19. Bg3 f4 20. a4 fxg3 21.
fxg3 Rf6 22. Rb5 Qe4 23. Qc1 Raf8 24. Re5 Qc6 25. Qc2 Nc4 26. Re2 e5 27. Rfe1
Rxf3 28. gxf3 Qxf3 29. Rg2 0-1

[Event "37. Ciudad de Sevilla 2012"]
[Site "Sevilla ESP"]
[Date "2012.01.07"]
[Round "1.11"]
[White "Mirzoev, Azer"]
[Black "Onate Barbero, Aurelio"]
[Result "1-0"]
[WhiteElo "2523"]
[BlackElo "1868"]
[PlyCount "47"]
[EventDate "2012.01.07"]
[EventType "swiss"]
[EventRounds "9"]
[EventCountry "ESP"]
[Source "lmi"]
[SourceDate "2012.01.07"]

1. d4 d5 2. c4 e6 3. Nc3 Nf6 4. Nf3 Nbd7 5. Bf4 Bb4 6. cxd5 exd5 7. Rc1 c5 8.
dxc5 Qa5 9. Bd2 Qxc5 10. a3 Bxc3 11. Bxc3 Qb6 12. e3 O-O 13. Bd4 Qa5+ 14. Qd2
Qxd2+ 15. Nxd2 Ne4 16. Nxe4 dxe4 17. Rc7 a6 18. Bc4 Nf6 19. O-O b5 20. Bb3 Bf5
21. Rfc1 Ne8 22. R7c6 g6 23. h3 h5 24. Bc5 1-0

[Event "37. Ciudad de Sevilla 2012"]
[Site "Sevilla ESP"]
[Date "2012.01.07"]
[Round "1.12"]
[White "Cadenas Falcon, Jose Antonio"]
[Black "Paunovic, Dragan"]
[Result "0-1"]
[WhiteElo "1868"]
[BlackElo "2520"]
[PlyCount "54"]
[EventDate "2012.01.07"]
[EventType "swiss"]
[EventRounds "9"]
[EventCountry "ESP"]
[Source "lmi"]
[SourceDate "2012.01.07"]

1. e4 c5 2. Nc3 e6 3. Bc4 a6 4. a4 Nc6 5. Nf3 Nf6 6. O-O d5 7. exd5 exd5 8.
Re1+ Be7 9. Ba2 O-O 10. d4 c4 11. b3 Bb4 12. Bd2 Bxc3 13. Bxc3 Ne4 14. Bb2 c3
15. Ba3 Re8 16. b4 Bg4 17. Qd3 Bxf3 18. Qxf3 Nxd4 19. Qd3 Qf6 20. f3 Nd2 21.
Kh1 Qh4 22. g3 Qf6 23. Rxe8+ Rxe8 24. Qxc3 Qxf3+ 25. Qxf3 N2xf3 26. Bxd5 Re2
27. Bxf3 Nxf3 0-1

[Event "37. Ciudad de Sevilla 2012"]
[Site "Sevilla ESP"]
[Date "2012.01.07"]
[Round "1.13"]
[White "Campora, Daniel H"]
[Black "Delgado Lozano, Ignacio Maria"]
[Result "1-0"]
[WhiteElo "2490"]
[BlackElo "1861"]
[PlyCount "33"]
[EventDate "2012.01.07"]
[EventType "swiss"]
[EventRounds "9"]
[EventCountry "ESP"]
[Source "lmi"]
[SourceDate "2012.01.07"]

1. e4 c6 2. d4 d5 3. e5 Bf5 4. c4 dxc4 5. Bxc4 e6 6. Nc3 Nd7 7. Nge2 Ne7 8. O-O
c5 9. Bg5 Qb6 10. Qa4 Nc6 11. Rad1 Qxb2 12. Rb1 Bxb1 13. Rxb1 Qxb1+ 14. Nxb1
cxd4 15. Bb5 Rb8 16. Nd2 Ncxe5 17. Bf4 1-0

[Event "37. Ciudad de Sevilla 2012"]
[Site "Sevilla ESP"]
[Date "2012.01.07"]
[Round "1.14"]
[White "Suarez Fernandez, Enrique O"]
[Black "Fernandez Romero, Ernesto"]
[Result "0-1"]
[WhiteElo "1858"]
[BlackElo "2471"]
[PlyCount "46"]
[EventDate "2012.01.07"]
[EventType "swiss"]
[EventRounds "9"]
[EventCountry "ESP"]
[Source "lmi"]
[SourceDate "2012.01.07"]

1. e3 g6 2. b3 Bg7 3. d4 Nf6 4. Bb2 O-O 5. Nf3 d6 6. Be2 Nbd7 7. c4 b6 8. Nc3
Bb7 9. Qc2 a6 10. O-O Re8 11. Rfd1 c6 12. Rac1 Qc7 13. d5 Rac8 14. dxc6 Qxc6
15. Nh4 Ne5 16. f4 Ned7 17. Bf3 Qc7 18. f5 Bxf3 19. gxf3 Qc5 20. Nd5 Nxd5 21.
Bd4 Nxe3 22. Qb2 Nxd1 23. Rxd1 Bxd4+ 0-1

[Event "37. Ciudad de Sevilla 2012"]
[Site "Sevilla ESP"]
[Date "2012.01.07"]
[Round "1.16"]
[White "Torres Maesso, Pedro"]
[Black "Das, Arghyadip"]
[Result "0-1"]
[WhiteElo "2195"]
[BlackElo "2459"]
[PlyCount "92"]
[EventDate "2012.01.07"]
[EventType "swiss"]
[EventRounds "9"]
[EventCountry "ESP"]
[Source "lmi"]
[SourceDate "2012.01.07"]

1. c4 e6 2. g3 d5 3. Nf3 c6 4. Bg2 dxc4 5. Ne5 Qd4 6. Nf3 Qc5 7. Qc2 Na6 8. Na3
Nb4 9. Qc3 Nf6 10. O-O b5 11. b3 Nbd5 12. Qd4 cxb3 13. axb3 Bb7 14. Bb2 Qxd4
15. Nxd4 a6 16. Rac1 c5 17. Nf3 Be7 18. d4 Rc8 19. dxc5 Bxc5 20. Nc2 O-O 21.
Ne5 Ba8 22. Nd4 Bd6 23. Nd3 Bb7 24. Rfd1 Rxc1 25. Rxc1 Rc8 26. Rxc8+ Bxc8 27.
Nc6 Bb7 28. Nde5 Bc7 29. Kf1 Kf8 30. Bd4 Ke8 31. h3 Bd6 32. Bxd5 Nxd5 33. Nxf7
Bc7 34. Nfe5 a5 35. Na7 b4 36. Nd3 Bb8 37. Bc5 Kd7 38. Nb5 Ba6 39. Ba7 Bxa7 40.
Ne5+ Ke8 41. Nxa7 a4 42. Nac6 axb3 43. Nf3 b2 44. Nd2 Nc3 45. Nxb4 Bxe2+ 46.
Ke1 Bc4 0-1

[Event "37. Ciudad de Sevilla 2012"]
[Site "Sevilla ESP"]
[Date "2012.01.07"]
[Round "1.18"]
[White "Gomez Vargas, Pedro Jose"]
[Black "Razmyslov, Alexander"]
[Result "0-1"]
[WhiteElo "1843"]
[BlackElo "2438"]
[PlyCount "62"]
[EventDate "2012.01.07"]
[EventType "swiss"]
[EventRounds "9"]
[EventCountry "ESP"]
[Source "lmi"]
[SourceDate "2012.01.07"]

1. e4 c5 2. Nf3 e6 3. d4 cxd4 4. Nxd4 a6 5. Be3 Nf6 6. Nc3 Qc7 7. Qd2 Bb4 8. f3
d5 9. Bd3 e5 10. Nde2 d4 11. Nxd4 exd4 12. Bxd4 Nc6 13. Bxf6 gxf6 14. a3 Qa5
15. O-O Bxc3 16. bxc3 Be6 17. a4 O-O-O 18. Rfd1 h5 19. Qe1 h4 20. f4 h3 21. g3
Bg4 22. Rdb1 Qc5+ 23. Kf1 f5 24. e5 f6 25. exf6 Rde8 26. Qd2 Re3 27. Be2 Bxe2+
28. Qxe2 Rxe2 29. Kxe2 Re8+ 30. Kf1 Qe3 31. Re1 Qf3+ 0-1

[Event "37. Ciudad de Sevilla 2012"]
[Site "Sevilla ESP"]
[Date "2012.01.07"]
[Round "1.19"]
[White "Mellado Trivino, Juan"]
[Black "Santo Olivera, Francisco"]
[Result "1-0"]
[WhiteElo "2435"]
[BlackElo "1842"]
[PlyCount "53"]
[EventDate "2012.01.07"]
[EventType "swiss"]
[EventRounds "9"]
[EventCountry "ESP"]
[Source "lmi"]
[SourceDate "2012.01.07"]

1. e4 c5 2. Nc3 e6 3. f4 Nc6 4. Nf3 d6 5. d4 cxd4 6. Nxd4 Nxd4 7. Qxd4 Bd7 8.
Be3 Nf6 9. Be2 a6 10. e5 Ng4 11. exd6 Nxe3 12. Qxe3 Bxd6 13. O-O-O Be7 14. Bd3
Qa5 15. Be4 Qc7 16. Qf3 Bc6 17. f5 Bxe4 18. Qxe4 exf5 19. Nd5 Qc5 20. Qxf5 O-O
21. Rd3 h6 22. Rhd1 Bg5+ 23. Kb1 Qc4 24. Nb6 g6 25. Qf3 Qb4 26. Nxa8 Rxa8 27.
Rd7 1-0

[Event "37. Ciudad de Sevilla 2012"]
[Site "Sevilla ESP"]
[Date "2012.01.07"]
[Round "1.20"]
[White "Espejo Montagut, Jose Maria"]
[Black "Teran Alvarez, Ismael"]
[Result "0-1"]
[WhiteElo "1835"]
[BlackElo "2422"]
[PlyCount "48"]
[EventDate "2012.01.07"]
[EventType "swiss"]
[EventRounds "9"]
[EventCountry "ESP"]
[Source "lmi"]
[SourceDate "2012.01.07"]

1. d4 Nf6 2. c4 c5 3. d5 a6 4. Nc3 b5 5. Qc2 g6 6. e4 Bg7 7. Nf3 b4 8. Nd1 O-O
9. Bd3 d6 10. Ne3 Nh5 11. O-O Nf4 12. a3 Nd7 13. axb4 cxb4 14. Rd1 Nxd3 15.
Qxd3 Nc5 16. Qc2 Bd7 17. Nd4 Qb6 18. Ne2 a5 19. Ng3 a4 20. Rb1 Qa6 21. Qe2 a3
22. bxa3 bxa3 23. Qa2 Ba4 24. Rd2 Bb3 0-1

[Event "37. Ciudad de Sevilla 2012"]
[Site "Sevilla ESP"]
[Date "2012.01.08"]
[Round "2.2"]
[White "Burmakin, Vladimir"]
[Black "Blanco Perez, David"]
[Result "1/2-1/2"]
[WhiteElo "2593"]
[BlackElo "2126"]
[PlyCount "100"]
[EventDate "2012.01.07"]
[EventType "swiss"]
[EventRounds "9"]
[EventCountry "ESP"]
[Source "lmi"]
[SourceDate "2012.01.07"]

1. Nf3 Nc6 2. d4 d5 3. Bf4 Bg4 4. e3 e6 5. c4 Bb4+ 6. Nc3 Nf6 7. a3 Bxc3+ 8.
bxc3 O-O 9. Bg5 h6 10. cxd5 exd5 11. Bh4 g5 12. Bg3 Ne4 13. Qb3 Na5 14. Qb2 Bf5
15. Nd2 Nxd2 16. Kxd2 b6 17. h4 c5 18. hxg5 hxg5 19. Ke1 cxd4 20. cxd4 Rc8 21.
Ba6 Rc2 22. Qb4 Re8 23. Kf1 Re6 24. Kg1 Qe8 25. Re1 Kg7 26. a4 Be4 27. Be2 Ra2
28. Qb5 Qxb5 29. axb5 Rc2 30. Bf1 Re8 31. f3 Bf5 32. Bf2 f6 33. g4 Bg6 34. Kg2
Nb3 35. Kg3 Rc3 36. Rh2 Re7 37. Re2 Bc2 38. Re1 Bg6 39. Rh1 Nd2 40. Be2 Nc4 41.
Rc1 Rxc1 42. Rxc1 Nxe3 43. Bxe3 Rxe3 44. Rc7+ Bf7 45. Kf2 Ra3 46. Re7 Kf8 47.
Rd7 Be6 48. Rc7 f5 49. gxf5 Bxf5 50. Rb7 Be6 1/2-1/2

[Event "37. Ciudad de Sevilla 2012"]
[Site "Sevilla ESP"]
[Date "2012.01.08"]
[Round "2.3"]
[White "Castilla Leon Salas, Carlos"]
[Black "Sengupta, Deep"]
[Result "0-1"]
[WhiteElo "2126"]
[BlackElo "2562"]
[PlyCount "54"]
[EventDate "2012.01.07"]
[EventType "swiss"]
[EventRounds "9"]
[EventCountry "ESP"]
[Source "lmi"]
[SourceDate "2012.01.07"]

1. d4 d5 2. c4 e6 3. Nc3 c6 4. e4 dxe4 5. Nxe4 Bb4+ 6. Bd2 Qxd4 7. Bxb4 Qxe4+
8. Be2 Na6 9. Bd6 Qxg2 10. Qd2 e5 11. Bf3 Qg6 12. Bxe5 Be6 13. O-O-O Nf6 14.
Ne2 Qf5 15. Qc3 Nb4 16. Qxb4 Qxe5 17. Rhe1 Qc7 18. Nd4 O-O-O 19. Re3 Rxd4 20.
Rxd4 c5 21. Bxb7+ Kb8 22. Qa3 cxd4 23. Rb3 Bxc4 24. Rb4 Bb5+ 25. Kb1 Qxb7 26.
Qg3+ Ka8 27. a4 Bd3+ 0-1

[Event "37. Ciudad de Sevilla 2012"]
[Site "Sevilla ESP"]
[Date "2012.01.08"]
[Round "2.7"]
[White "Fernandez Rodriguez, Jose A"]
[Black "Rizouk, Aimen"]
[Result "1/2-1/2"]
[WhiteElo "2103"]
[BlackElo "2539"]
[PlyCount "90"]
[EventDate "2012.01.07"]
[EventType "swiss"]
[EventRounds "9"]
[EventCountry "ESP"]
[Source "lmi"]
[SourceDate "2012.01.07"]

1. e4 e5 2. f4 exf4 3. Nf3 d6 4. Bc4 h6 5. h4 Nf6 6. Nc3 c6 7. d4 d5 8. exd5
cxd5 9. Qe2+ Be6 10. Bb5+ Nbd7 11. Bxf4 Bb4 12. Bd3 O-O 13. O-O Re8 14. Rae1
Rc8 15. Qd2 Qa5 16. a3 Bxc3 17. bxc3 Ne4 18. Bxe4 dxe4 19. Rxe4 Qxc3 20. Bxh6
Qxd2 21. Bxd2 Nf6 22. Re2 Rxc2 23. Rfe1 Rec8 24. Bb4 Bd5 25. Ng5 R2c4 26. Rd2
b6 27. Kh2 a5 28. Bd6 Rc2 29. Bf4 R8c3 30. Rxc2 Rxc2 31. Rc1 Rxg2+ 32. Kh3 Re2
33. Rc8+ Re8 34. Rc7 Nh5 35. Kg4 Nxf4 36. Kxf4 f6 37. Nf3 Re4+ 38. Kf5 g6+ 39.
Kxg6 Kf8 40. Kxf6 Rf4+ 41. Ke5 Rxf3 42. Kxd5 Rxa3 43. Rb7 Rb3 44. h5 Rb5+ 45.
Kc4 Rxh5 1/2-1/2

[Event "37. Ciudad de Sevilla 2012"]
[Site "Sevilla ESP"]
[Date "2012.01.08"]
[Round "2.8"]
[White "Haslinger, Stewart G"]
[Black "Espejo Hava, Francisco"]
[Result "1-0"]
[WhiteElo "2534"]
[BlackElo "2105"]
[PlyCount "107"]
[EventDate "2012.01.07"]
[EventType "swiss"]
[EventRounds "9"]
[EventCountry "ESP"]
[Source "lmi"]
[SourceDate "2012.01.07"]

1. e4 e5 2. Nf3 Nc6 3. d4 exd4 4. Nxd4 Nf6 5. Nxc6 bxc6 6. e5 Qe7 7. Qe2 Nd5 8.
c4 Nb6 9. Nc3 Qe6 10. Qe4 d5 11. exd6 Qxe4+ 12. Nxe4 cxd6 13. b3 d5 14. cxd5
Bb4+ 15. Bd2 Nxd5 16. Bc4 Bxd2+ 17. Nxd2 O-O 18. O-O Be6 19. Rac1 Nf4 20. g3
Rad8 21. Nb1 Bxc4 22. Rxc4 Ne2+ 23. Kg2 Rd6 24. Ra4 Rd7 25. Re4 Nd4 26. Rc1 g6
27. Rc4 Rfd8 28. Nc3 Kf8 29. Na4 Rd5 30. Re1 Re8 31. Rxe8+ Kxe8 32. Nc3 Rd7 33.
Ne4 Ke7 34. f4 f5 35. Nc5 Rd5 36. Kf2 Kd6 37. b4 Nb5 38. Ke3 Na3 39. Rc3 Nb5
40. Rc1 Na3 41. h3 h5 42. Nd3 Kc7 43. Ne5 Rd6 44. Rc5 Kb6 45. Ke2 Kc7 46. Ke3
Kb6 47. Rc3 Nb5 48. Rc1 Na3 49. Rc5 Kc7 50. Ke2 Kb6 51. Ra5 Nb5 52. Nc4+ Kc7
53. Nxd6 Kxd6 54. Kd3 1-0

[Event "37. Ciudad de Sevilla 2012"]
[Site "Sevilla ESP"]
[Date "2012.01.08"]
[Round "2.10"]
[White "Malakhatko, Vadim"]
[Black "Pena  Dieguez, Manuel"]
[Result "1-0"]
[WhiteElo "2524"]
[BlackElo "2087"]
[PlyCount "43"]
[EventDate "2012.01.07"]
[EventType "swiss"]
[EventRounds "9"]
[EventCountry "ESP"]
[Source "lmi"]
[SourceDate "2012.01.07"]

1. c4 Nf6 2. Nc3 g6 3. Nf3 d5 4. cxd5 Nxd5 5. Qc2 Bg7 6. e4 Nb6 7. d4 Nc6 8. d5
Nd4 9. Nxd4 Bxd4 10. Bh6 Bd7 11. Rd1 Bxc3+ 12. Qxc3 Rg8 13. Be2 Qc8 14. Bf4 g5
15. Bxc7 Na4 16. Qg3 Nc5 17. Rc1 Nxe4 18. Qe5 Bf5 19. Bb5+ Kf8 20. O-O f6 21.
Qd4 Bg6 22. f3 1-0

[Event "37. Ciudad de Sevilla 2012"]
[Site "Sevilla ESP"]
[Date "2012.01.08"]
[Round "2.11"]
[White "Justiniano Maquez, Marco Antonio"]
[Black "Mirzoev, Azer"]
[Result "0-1"]
[WhiteElo "2066"]
[BlackElo "2523"]
[PlyCount "122"]
[EventDate "2012.01.07"]
[EventType "swiss"]
[EventRounds "9"]
[EventCountry "ESP"]
[Source "lmi"]
[SourceDate "2012.01.07"]

1. d4 Nf6 2. Nf3 c5 3. c3 Qb6 4. Qb3 Qc7 5. Nbd2 d6 6. e4 Nc6 7. d5 Nb8 8. Bb5+
Nbd7 9. a4 g6 10. O-O Bg7 11. Re1 O-O 12. Bf1 b6 13. a5 bxa5 14. Qa4 Nb6 15.
Qxa5 Bd7 16. Nc4 Rfb8 17. e5 Nfxd5 18. exd6 exd6 19. Nxb6 Qxb6 20. Qa2 Bc6 21.
Bc4 Qb7 22. Rd1 Nb6 23. Ba6 Qc7 24. Bf4 Rd8 25. Nd2 Bd5 26. Qa5 Be5 27. Bxe5
dxe5 28. Nc4 Kg7 29. Ne3 Be6 30. Bf1 Rxd1 31. Rxd1 Nd5 32. Qxc7 Nxc7 33. Ra1 a5
34. Bc4 Bd7 35. Rd1 Be8 36. Nd5 Rd8 37. Ne3 Rxd1+ 38. Nxd1 Nb5 39. Ne3 Nd6 40.
Ba6 f5 41. Nc4 Nxc4 42. Bxc4 Bf7 43. Bb5 e4 44. Kf1 g5 45. Ke1 Kf6 46. g3 Ke5
47. Kd2 f4 48. Be2 Bg6 49. Bd1 h6 50. Be2 h5 51. Bd1 h4 52. gxh4 gxh4 53. Bg4
Kf6 54. Bh3 Kg5 55. Be6 Bf5 56. Bc4 Kg4 57. Bf1 Kf3 58. Ke1 e3 59. Be2+ Kg2 60.
Bf1+ Kxh2 61. fxe3 fxe3 0-1

[Event "37. Ciudad de Sevilla 2012"]
[Site "Sevilla ESP"]
[Date "2012.01.08"]
[Round "2.13"]
[White "Vazquez Tey, Juan A"]
[Black "Campora, Daniel H"]
[Result "0-1"]
[WhiteElo "2054"]
[BlackElo "2490"]
[PlyCount "86"]
[EventDate "2012.01.07"]
[EventType "swiss"]
[EventRounds "9"]
[EventCountry "ESP"]
[Source "lmi"]
[SourceDate "2012.01.07"]

1. d4 Nf6 2. Nf3 e6 3. e3 c5 4. Bd3 b6 5. O-O Be7 6. b3 O-O 7. Bb2 Bb7 8. Nbd2
cxd4 9. exd4 d5 10. Qe2 Nc6 11. a3 Rc8 12. Ne5 Nxe5 13. dxe5 Nd7 14. b4 a5 15.
c3 Re8 16. f4 d4 17. Rac1 dxc3 18. Bxc3 axb4 19. axb4 Rc7 20. Ne4 Bxe4 21. Qxe4
g6 22. Bb5 Qc8 23. Bd2 Rd8 24. Rxc7 Qxc7 25. Rc1 Qa7 26. Be1 Kg7 27. g4 Qa3 28.
Rc7 Nc5 29. Qe2 Qc1 30. Rxe7 Rd1 31. Kf1 Nb3 32. Ba4 Qxf4+ 33. Kg2 Rb1 34. Qf3
Rb2+ 35. Bf2 Qxf3+ 36. Kxf3 Nd2+ 37. Ke3 Nf1+ 38. Kf3 Nxh2+ 39. Kg3 Nxg4 40.
Kxg4 Rxf2 41. Rb7 h5+ 42. Kg3 Rf5 43. Rxb6 g5 0-1

[Event "37. Ciudad de Sevilla 2012"]
[Site "Sevilla ESP"]
[Date "2012.01.08"]
[Round "2.14"]
[White "Fernandez Romero, Ernesto"]
[Black "Coba Moncada, Jacinto"]
[Result "1-0"]
[WhiteElo "2471"]
[BlackElo "2056"]
[PlyCount "55"]
[EventDate "2012.01.07"]
[EventType "swiss"]
[EventRounds "9"]
[EventCountry "ESP"]
[Source "lmi"]
[SourceDate "2012.01.07"]

1. e4 d6 2. d4 e5 3. Ne2 Nf6 4. Nbc3 c6 5. h3 Be7 6. g4 b5 7. a3 Nbd7 8. Bg2
Nb6 9. O-O h6 10. f4 Nfd7 11. b3 Bb7 12. Be3 a5 13. Ng3 exd4 14. Bxd4 Bf6 15.
Nf5 Nc8 16. e5 dxe5 17. fxe5 Bxe5 18. Nxg7+ Ke7 19. Nf5+ Ke8 20. Nxb5 f6 21.
Bxe5 Qb6+ 22. Bd4 Qxb5 23. c4 Qa6 24. Ng7+ Kf7 25. Bxf6 Nxf6 26. Rxf6+ Kxg7 27.
Qd7+ Kxf6 28. Rf1+ 1-0